Modelos de medición de activos intangibles. Aportes teóricos de las finanzas y la economía (Registro nro. 9106)

Detalles MARC
000 -LEADER
fixed length control field 00383 a2200109 4500
001 - CONTROL NUMBER
control field ART_7508
005 - DATE AND TIME OF LATEST TRANSACTION
control field 20260410161554.0
008 - FIXED-LENGTH DATA ELEMENTS--GENERAL INFORMATION
fixed length control field 260409a
100 1# - MAIN ENTRY--PERSONAL NAME
Personal name Barbei, Alejandro A.
245 10 - TITLE STATEMENT
Title Modelos de medición de activos intangibles. Aportes teóricos de las finanzas y la economía
773 0# - HOST ITEM ENTRY
Title Profesional & Empresaria
Related parts - AÑO IX, Nº 100 (ene. 2008)
Record control number REV70

No hay ítems disponibles.